000 01102cad a22002415a 4500
001 E154450
008 111206s2011 xxk f s000 0 eng d
020 _a9781780455297
035 _a(Sirsi) u154450
041 0 _aeng
110 1 _aScotland
_bScottish Government
_95344
245 0 4 _aThe Tenancy Deposit Schemes (Scotland) Regulations 2011
_bconsultation on the terms of proposed tenancy deposit schemes
_h[electronic resource]
260 _aEdinburgh
_bScottish Government
_c2011
520 _aSeeks views on the terms of two proposed tenancy deposit schemes: The Letting Protection Service Scotland; and SafeDeposits Scotland. Deadline for comments is 21 January 2012.
521 _aAdvanced
590 _aKA
650 2 4 _aTENANCY DEPOSIT SCHEMES (SCOTLAND) REGULATIONS 2011
650 2 4 _aHOUSING (SCOTLAND) ACT 2006 PART 4
651 4 _aScotland
_y1999-
690 _aPROPERTY-RESIDENTIAL PROPERTY-RESIDENTIAL LANDLORD AND TENANT-RESIDENTIAL TENANCIES
856 4 0 _uhttps://www.scotland.gov.uk/Publications/2011/11/28114920/0
_zView the consultation at www.scotland.gov.uk
942 _n0
999 _c112993
_d112993